Gentilés nationaux d'Europe H/F - Statistiques

Statistiques générales
  • Ce quiz a été pris 200 fois
  • Le résultat moyen est 78 sur 88
Statistiques - réponses
Pays Gentilé % Correct
Allemagne Allemand
100%
Autriche Autrichien
98%
Belgique Belge
98%
Belgique Belge
98%
Bulgarie Bulgare
98%
Bulgarie Bulgare
98%
Croatie Croate
98%
Croatie Croate
98%
Danemark Danois
98%
Espagne Espagnol
98%
France Français
98%
Grèce Grec
98%
Hongrie Hongrois
98%
Irlande Irlandais
98%
Islande Islandais
98%
Italie Italien
98%
Portugal Portugais
98%
Russie Russe
98%
Russie Russe
98%
Serbie Serbe
98%
Serbie Serbe
98%
Suède Suédois
98%
Suisse Suisse
98%
Biélorussie Biélorusse / Bélarusse / Biélorussien
97%
Biélorussie Biélorusse / Bélarusse / Biélorussienne
97%
Bosnie-Herzégovine Bosnien / Bosniaque
97%
Estonie Estonien
97%
Finlande Finlandais
97%
Lettonie Letton
97%
Luxembourg Luxembourgeois
97%
Norvège Norvégien
97%
Pologne Polonais
97%
Roumanie Roumain
97%
Ukraine Ukrainien
97%
Albanie Albanais
96%
Slovaquie Slovaque
96%
Slovaquie Slovaque
96%
Malte Maltais
95%
République tchèque Tchèque
95%
République tchèque Tchèque
95%
Lituanie Lituanien
94%
Moldavie Moldave / Moldova
94%
Moldavie Moldave / Moldova
94%
Monaco Monégasque
94%
Monaco Monégasque
94%
Slovénie Slovène
92%
Slovénie Slovène
92%
Bosnie-Herzégovine Bosnienne / Bosniaque
91%
Allemagne Allemande
90%
France Française
90%
Irlande Irlandaise
90%
Ukraine Ukrainienne
90%
Espagne Espagnole
89%
Estonie Estonienne
89%
Hongrie Hongroise
89%
Islande Islandaise
89%
Italie Italienne
89%
Macédoine du Nord Macédonien
89%
Portugal Portugaise
89%
Suède Suédoise
89%
Autriche Autrichienne
88%
Finlande Finlandaise
88%
Norvège Norvégienne
88%
Pologne Polonaise
88%
Roumanie Roumaine
88%
Danemark Danoise
87%
Lettonie Lettone / Lettonne
87%
Luxembourg Luxembourgeoise
87%
Albanie Albanaise
86%
Lituanie Lituanienne
86%
Malte Maltaise
86%
Grèce Grecque
81%
Macédoine du Nord Macédonienne
81%
Pays-Bas Néerlandais
81%
Kosovo Kosovar / Kossovien
80%
Suisse Suissesse
76%
Pays-Bas Néerlandaise
75%
Kosovo Kosovare / Kossovienne
72%
Royaume-Uni Britannique
69%
Royaume-Uni Britannique
69%
Monténégro Monténégrin
60%
Monténégro Monténégrine
56%
Andorre Andorran
49%
Liechtenstein Liechtensteinois
49%
Liechtenstein Liechtensteinoise
47%
Saint-Marin Saint-Marinais / San-Marinais
47%
Saint-Marin Saint-Marinaise / San-Marinaise
46%
Andorre Andorrane
42%
Aucun quiz correspondant
Distribution des résultats
% des personnes avec chaque résultat
Percentile par nombre de réponses
Votre historique - résultats
Vous n’avez pas pris ce quiz